Johanka z Arku [původní český muzikál /
| Hlavní autor: | Soukup, Ondřej, 1951- |
|---|---|
| Další autoři: | Bílá, Lucie, 1966-, Střihavka, Kamil, 1965-, Muk, Petr, 1965-2010 |
| Jazyk: | Čeština |
| Vydáno: |
Křenovice: Aplaus, [2005?] |
| Edice: |
Česká muzika
Nejslavnější české muzikály |
| Témata: | |
| Fyzický popis: |
1 zvuková kazeta : analog, Dolby system + 1 leták (10 x 21 cm) Vydáno také na kompaktní desce |
| LEADER | 01561njm a2200397 a 4500 | ||
|---|---|---|---|
| 001 | 000819430 | ||
| 003 | CZ BrMZK | ||
| 005 | 20100720103155.0 | ||
| 007 | ss lsnjlcmpnze | ||
| 008 | 060613q2005 xr mc??g????????? cze d | ||
| 028 | 0 | 0 | |a AA 4044A/1-4 331 |b Aplaus |
| 040 | |a BOA001 |b cze | ||
| 072 | 7 | |a 782 |x Divadelní hudba. Opera, opereta, muzikál |2 Konspekt |9 9 | |
| 080 | |a 782.8 |2 MRF | ||
| 080 | |a (086.7) |2 MRF | ||
| 100 | 1 | |a Soukup, Ondřej, |d 1951- |7 jn19990209784 |4 cmp | |
| 245 | 1 | 0 | |a Johanka z Arku |h [zvukový záznam] : |b [původní český muzikál / |c hudba Ondřej Soukup, text Gabriela Osvaldová] |
| 260 | |a Křenovice: |b Aplaus, |c [2005?] | ||
| 300 | |a 1 zvuková kazeta : |b analog, Dolby system + |e 1 leták (10 x 21 cm) | ||
| 490 | 1 | |a Česká muzika | |
| 490 | 1 | |a Nejslavnější české muzikály ; |v 1 | |
| 500 | |a Původní fonogram Monitor-EMI | ||
| 511 | 1 | |a Zpívají: Lucie Bílá, Kamil Střihavka, Petr Muk a další | |
| 518 | |a Nahráno ve studiu Extra Virgin Olive Oil | ||
| 530 | |a Vydáno také na kompaktní desce | ||
| 650 | 0 | 7 | |a muzikály |7 ph123058 |2 czenas |
| 655 | 7 | |a zvukové kazety |7 fd186720 |2 czenas | |
| 700 | 1 | |a Bílá, Lucie, |d 1966- |7 jn19990209056 |4 sng | |
| 700 | 1 | |a Střihavka, Kamil, |d 1965- |7 jn20000402308 |4 sng | |
| 700 | 1 | |a Muk, Petr, |d 1965-2010 |7 jo20000080556 |4 sng | |
| 830 | 0 | |a Česká muzika | |
| 830 | 0 | |a Nejslavnější české muzikály | |
| 910 | |a BOA001 |b KZ-0013.173 | ||
| 990 | |a AV | ||
| 991 | |b 200607 | ||
| 996 | 6 | |b 261H014543 |c KZ-0013.173 |l MZK |r Sklad / do 24 hodin |n 0 |w 000819430 |u 000010 |a 1 |e BOA001 |j MZK50 |s P | |
English
Čeština 